LEADER 01120nam a2200265 i 4500 001 000000190417 003 CaOOAMICUS 005 20100615000000.0 008 100615s1982 fr u000 u fre u 013 $a168826 020 $a2-7010-1036-5 040 $aSeMil$bita 100 1 $aLe Guillou, Marie-Joseph,$c.$0(OLS)http://semarc/name/12955 245 13$aLa condamnation de Lamennais :$bdossier présenté /$cPar M. J. Le Guillou et Louis Le Guillou. 260 $aParis :$bBeauchesne,$ccopyr. 1982. 300 $a754 p. ;$c22 cm. 490 0 $aTextes, dossiers, documents ;$v5 700 1 $aLe Guillou, Louis.$0(OLS)http://semarc/name/69629 830 0$aTextes, dossiers, documents ;$v5.$0(OLS)http://semarc/title/113 850 $aSeMil 852 $aSeMil$W1$xVenegono$y1$m2U I 187$j141036$B141036$CSeMilBibl$Z2$F152663 $81 961 $aOmaggio: Altro 996 $6020$a2-7010-1036-5$9(OLS)http://semarc/number/181328 996 $6245$aLa condamnation de Lamennais :$bdossier présenté$9(OLS)http://semarc/title/274322 996 $6260$aParis :$bBeauchesne$9(OLS)http://semarc/publisher/29638 LEADER 01184nam a2200229 i 4500 001 000000232072 003 CaOOAMICUS 005 20140819000000.0 008 140819s1886 it u000 u lat u 013 $a210975 040 $aSeMil$bita 245 10$aIntroductio specialis in singulos Novi Testamentis libros. 300 $aVI, 746 p. 490 0 $aCursus Scripturae Sacrae. Pars prior, Libri introductorii ;$v4 490 0 $aCursus Scripturae Sacrae 650 4$aBibbia. Nuovo Testamento - Commentari, studi, critica, interpretazioni.$0(OLS)http://semarc/subject/184 773 0 $aCornely, Rudolf $tHistorica et critica introductio in U. T. libros sacros.$dParisiis : Sumptibus P. Lethielleux, 1885-1886.$kCursus Scripturae Sacrae. Pars prior, Libri introductorii$g3$w()30350 830 0$aCursus Scripturae Sacrae. Pars prior, Libri introductorii ;$v4.$0(OLS)http://semarc/title/14668 830 0$aCursus Scripturae Sacrae.$0(OLS)http://semarc/title/15926 850 $aSeMil 852 $aSeMil$W1$xVenegono$y1$m2Y III 55 FA$j182418$B182418$CSeMilBibl$Z2$F193440 $8I 996 $6245$aIntroductio specialis in singulos Novi Testamentis libros$9(OLS)http://semarc/title/331171